000 00781nam a2200265Ia 4500
003 OSt
005 20221007070921.0
006 a|||||r|||| 00| 0
007 ta
008 221006b |||||||| |||| 00| 0 eng d
020 _a9783319923321
024 _a45,815
037 _cTextual
040 _aFLL
_cFLL
_beng
041 _2eng
_aeng
082 _aY:4555:5, Q8
100 _aKRATCOSKI Peter C. Ed.
_9687937
245 0 _aFraud and corruption
_b major types,prevention, and control
250 _a1st
260 _aKENT
_bKent State University USA
_c2018
300 _axix,301p.
_ccm.
700 _a EDELBACHER Maximillian
_9687938
942 _hY:4555:5, Q8
_cTEXL
_2CC
999 _c1141869
_d1141869